Apariciones : | Antologia de relatos de fantasmas. (Registro nro. 1079)
[ vista simple ]
| 000 -CABECERA | |
|---|---|
| fixed length control field | 00437nam a22001577a 4500 |
| 003 - CONTROL NUMBER IDENTIFIER | |
| control field | AR-BeUNQ |
| 005 - FECHA Y HORA DE LA ULTIMA TRANSACCION | |
| control field | 20241206135311.0 |
| 020 ## - NUMERO INTERNACIONAL NORMALIZADO PARA LIBROS | |
| Número Internacional Normalizado del libro | 9789870403739 |
| 245 ## - MENCION DE TITULO | |
| Título | Apariciones : |
| Otra información sobre el título | Antologia de relatos de fantasmas. |
| 250 ## - MENCION DE EDICION | |
| Mención de edición | 1a.ed |
| 260 ## - PUBLICACION, DISTRIBUCION, ETC. | |
| Lugar de publicación, distribución, etc. | Buenos Aires : |
| Nombre del editor, distribuidor, etc. | Alfaguara, |
| Fecha de publicación, distribución, etc | 2007 |
| 490 ## - MENCION DE SERIE | |
| Mención de serie | Roja |
| 500 ## - NOTA GENERAL | |
| Nota general | Literatura juvenil. |
| 942 ## - ELEMENTOS DE PUNTO DE ACCESO ADICIONAL (KOHA) | |
| Tipo de ítem Koha | Libros |
| Estado de retiro | Estado de pérdida | No para préstamo | Ubicación permanente | Ubicación actual | Ubicación en estantería | Fecha de ingreso | Signatura topográfica completa | Inventario | Date last seen | Número de copia | Tipo de ítem Koha | Operador |
|---|---|---|---|---|---|---|---|---|---|---|---|---|
| Biblioteca ESET - UNQ | Biblioteca ESET - UNQ | CIRCULACION | 21/11/2024 | 863 APA | 62858 | 21/11/2024 | 1 | Libros | Gladys Alarcon |